000 00803cam a2200253 a 4500
001 000011911
005 20200929162621.0
008 780302s1979 sp a b 001 0 spa
020 _a8437601088
040 _aDO-SdBNP
_bspa
_cLC
_dBNPHU
050 0 0 _aP325
_b.F39
082 _ann*
_bF363i, 1979
100 1 _aFernández González, Ángel Raimundo.
_928172
245 1 0 _aIntroducción a la semántica /
_cÁngel Raimundo Fernández González, Salvador Hervás, Valerio Báez.
250 _a3a ed.
260 _aMadrid :
_bCátedra,
_c1979.
300 _a252 p. :
_bil. ;
_c21 cm.
504 _aIncluye referencias bibliográficas.
650 0 _aSemantics.
_928173
700 1 _aHervás, Salvador.
_928174
700 1 _aBáez, Valerio.
_928175
910 _aCatalogación derivada
049 _aBNGR
999 _c11581
_d11581